| 000 | 00478nam a22001817a 4500 | ||
|---|---|---|---|
| 003 | MPLRDC | ||
| 005 | 20220104143146.0 | ||
| 008 | 210129b ||||| |||| 00| 0 eng d | ||
| 020 | _a962-17-1412-5 | ||
| 082 | _a889 BY v.31 | ||
| 100 | _aJOHN GRISHAM | ||
| 245 |
_a毒气室. 下 _c |
||
| 260 |
_a _b博益出版集团有限公司 _c1995 |
||
| 300 | _b平 | ||
| 490 | _a博益外国畅销小说精选. 31 | ||
| 650 | _a西洋小说之中文翻译 | ||
| 942 |
_cBK _o889 BY v.31 |
||
| 999 |
_c37191 _d37181 |
||